000 00465nam a2200205Ia 4500
003 0100
008 130303s9999 xx 000 0 und d
020 _a0140223428
040 _cARRUPELIB
050 _aBL80.2.H275 1984
245 2 _aA handbook of living religions
260 _aEngland
260 _bPenguin Books
260 _C1984
300 _a528p.
300 _b 20cm.
650 _aRELIGION
700 _aHinnells , John R. (ed.)
942 0 0 _04
999 _c16066
_d16066